000 00792cam a2200193 i 4500
005 20251209105152.0
008 250721s1987 jo gr 000 0 ara d
082 1 4 _a216.1
_bت ي م
100 1 _aالجوزيه، إبن قيم
_eمؤلف.
245 1 0 _aرسالتان في معني القياس /
_cلشيخي الاسلام ابن تيمية وابن القيم ؛ حققه عبد الفتاح محمود عمر.
250 _aالطبعة الأولى.
264 3 1 _aعمان :
_bدار الفكر للنشر والتوزيع،
_c1987.
300 _a246 صفحة.
650 1 7 _aأصول الدين الإسلامي.
650 1 7 _aالفقه الإسلامي.
700 1 _aعمر، عبد الفتاح محمود
_eمحقق.
942 _2ddc
_cBK
999 _c28298
_d28298